000 00282nam a22001337a 4500
008 170801b xxu||||| |||| 00| 0 eng d
020 _a9780764535833
041 _aeng
080 _a004
100 _a32
101 _aSHK
245 _aEXCEL 2002
_cWALKENBACH,J
942 _2udc
_cBK
999 _c22444
_d22444